000
00230nam a22000857a 4500
008
170626b xxu||||| |||| 00| 0 eng d
100
_9
3704
_a
Kumar. V
245
_a
Biology Question Bank- XII
260
_a
New Delhi
_b
Tata Publication
_c
2009
999
_c
7125
_d
7125